| Tag |
First Indicator |
Second Indicator |
Subfields |
| LEADER |
00000cam a22000001a 4500 |
| 001 |
in00003662011 |
| 005 |
20190408172540.0 |
| 006 |
m o d f |
| 007 |
cr bn mmmapmmp |
| 008 |
020617s1907 dcu o f000 0 eng d |
| 035 |
|
|
|a ebd1909503134
|
| 040 |
|
|
|a UMI
|c UMI
|d UtOrBLW
|
| 086 |
0 |
|
|a N 1.16/3:55
|
| 099 |
|
|
|a N116-3.55
|
| 245 |
0 |
0 |
|a [Obituary of Rear Adm. John Grimes Walker].
|
| 264 |
|
1 |
|a [Place of publication not identified :
|b publisher not identified],
|c 1907.
|
| 300 |
|
|
|a 1 online resource (1 pages)
|
| 336 |
|
|
|a text
|b txt
|2 rdacontent
|
| 337 |
|
|
|a computer
|b c
|2 rdamedia
|
| 338 |
|
|
|a online resource
|b cr
|2 rdacarrier
|
| 490 |
0 |
|
|a Navy Dept. Spec. Orders 3rd Series No. 55
|
| 500 |
|
|
|a Record is based on bibliographic data in ProQuest U.S. Executive Branch Documents, 1789-1909. Reuse except for individual research requires license from ProQuest, LLC.
|
| 533 |
|
|
|a Electronic reproduction.
|b [Bethesda, Md.] :
|c ProQuest,
|d 2012.
|e digital, PDF file.
|n ProQuest U.S. Executive Branch Documents, 1789-1909.
|n Mode of access: World Wide Web via ProQuest website.
|
| 538 |
|
|
|a System requirements: PDF reader software.
|
| 500 |
|
|
|a Electronic resource.
|
| 600 |
1 |
0 |
|a Walker, John G. (Rear Adm.)
|
| 655 |
|
7 |
|a Electronic books.
|2 local
|
| 776 |
1 |
8 |
|i Microfiche version:
|t [Obituary of Rear Adm. John Grimes Walker]
|o CIS US Exec MF N116-3.55
|w (ProQuest)cis19051740
|
| 856 |
4 |
0 |
|u http://proxy.library.tamu.edu/login?url=http://congressional.proquest.com/congressional/docview/t66.d71.n116-3.55
|z Connect to the full text of this electronic document
|t 0
|
| 999 |
f |
f |
|s 758ca260-2de9-3cb9-b1c8-cc98adaa4876
|i 7c4606ff-7461-3362-b591-69b0ef5918b2
|t 0
|
| 952 |
f |
f |
|a Texas A&M University
|b College Station
|c Electronic Resources
|d Available Online
|t 0
|h No information provided
|
| 998 |
f |
f |
|t 0
|l Available Online
|